书目信息 |
| 题名: |
空前的融合
|
|
| 作者: | 刘精诚 著 | |
| 分册: | ||
| 出版信息: | 上海 上海文艺出版社 2004 |
|
| 页数: | 323页 | |
| 开本: | 25cm | |
| 丛书名: | 话说中国 | |
| 单 册: | ||
| 中图分类: | K237.209 , K239.09 , K209 | |
| 科图分类: | ||
| 主题词: | 古代史 , 中国--通史 | |
| 电子资源: | ||
| ISBN: | 7-5321-2746-X | |
| 000 | 01128oam2 2200325 450 | |
| 001 | 1559862654 | |
| 005 | 20150126163803.95 | |
| 010 | @a7-5321-2746-X@dCNY78.00 | |
| 100 | @a20050401d2004 em y0chiy50 ea | |
| 101 | 0 | @achi |
| 102 | @aCN@b310000 | |
| 105 | @aab z 001yy | |
| 200 | 1 | @a空前的融合@9kong qian de rong he@e公元317年至公元589年的中国故事(东晋南北朝)@f刘精诚著 |
| 210 | @a上海@c上海文艺出版社@d2004 | |
| 215 | @a323页@c图,地图@d25cm | |
| 225 | 2 | @a话说中国 |
| 330 | @a本书以彩图图文的形式,展现中国东晋南北朝时期的历史画卷,介绍了东晋南北朝时期的主要历史事件和历史人物等。 | |
| 461 | 0 | @12001 @a话说中国 |
| 517 | 1 | @a公元317年至公元589年的中国故事(东晋南北朝)@9gong yuan 317 nian zhi gong yuan 589 nian de zhong guo gu shi ( dong jin nan bei chao ) |
| 606 | 0 | @a古代史 |
| 606 | 0 | @a中国@x通史 |
| 607 | @a中国@x古代史@z东晋时代@j通俗读物 | |
| 607 | @a中国@x古代史@z南北朝时代@j通俗读物 | |
| 607 | @a中国 | |
| 690 | @aK237.209@v5 | |
| 690 | @aK239.09@v5 | |
| 690 | @aK209@v4 | |
| 701 | 0 | @a刘精诚@9liu jing cheng@f(1936~)@4著 |
| 801 | 0 | @aCN@bTSSF@c20150126 |
| 905 | @aZUCC@dK209@eJY40 | |
| 空前的融合:公元317年至公元589年的中国故事(东晋南北朝)/刘精诚著.-上海:上海文艺出版社,2004 |
| 323页:图,地图;25cm.-(话说中国) |
| ISBN 7-5321-2746-X:CNY78.00 |
| 本书以彩图图文的形式,展现中国东晋南北朝时期的历史画卷,介绍了东晋南北朝时期的主要历史事件和历史人物等。 |
| ● |
| 相关链接 |
|
|
|
|
正题名:空前的融合
索取号:K209/JY40
 
预约/预借
| 序号 | 登录号 | 条形码 | 馆藏地/架位号 | 状态 | 备注 |
| 1 | 7838722 | 278387229 | 学院路分馆/ [索取号:K209/JY40] | 在馆 |